000 00258nam a22001217a 4500
008 170202b xxu||||| |||| 00| 0 eng d
041 _aeng
080 _217th
_a61
100 _a3
101 _aSHM
245 _aTHE MERCK MANUAL
_cBEERS, M.H
942 _2udc
_cBK
999 _c4236
_d4236